| 000 | 01271namaa22003251i 4500 | ||
|---|---|---|---|
| 005 | 20260629124610.0 | ||
| 008 | 260629s1994 ua a|||frm||| 000 0 eng d | ||
| 040 |
_aEG-GICUC _beng _cEG-GICUC _dEG-GICUC _erda |
||
| 041 | 0 |
_aeng _beng _bara |
|
| 049 | _aDeposit | ||
| 097 | _aM.Sc | ||
| 099 | _aCai01.11.01.M.Sc.1994.Eh.H | ||
| 100 | 0 |
_aEhab Hassan Hussein, _epreparation. |
|
| 245 | 1 | 0 |
_aHypoxia and equipment failure / _cBy Ehab Hassan Hussein ; Supervised Prof. Dr. Fawzeya Abd El-Wahab, Dr. Fatma Abbas, Dr. Hanaa Abou El-Noos |
| 246 | 1 | 5 | _aنقص الاكسجين وعدم كفاءة الاجهزة |
| 264 | 0 | _c1994. | |
| 300 |
_a137 Leaves _billustrations _c30 cm. + |
||
| 336 |
_2rda content _atext |
||
| 337 |
_2rdamedia _aUnmediated |
||
| 338 |
_2rdacarrier _avolume |
||
| 502 | _aThesis (M.Sc.)-Cairo University, 1994 | ||
| 504 | _aBibliography: pages 124-137 | ||
| 653 | 0 | _aHypoxia and equipment failure | |
| 700 | 0 |
_aFawzeya Abd El-Wahab _ethesis advisor. |
|
| 700 | 0 |
_aFatma Abbas _ethesis advisor. |
|
| 700 | 0 |
_aHanaa Abou El-Noos _ethesis advisor. |
|
| 900 |
_DDepartment of Anaesthesiology _FFaculty of Medicine _UCairo University _b1994 _cFawzeya Abd El-Wahab _cFatma Abbas _cHanaa Abou El-Noos |
||
| 905 | _aNehad | ||
| 942 |
_2ddc _cTH _e21 _n0 |
||
| 999 | _c180647 | ||